000 00376nam a2200145 i 4500
001 bg
100 1 _aTROSCENKO, W.T.
245 0 _aSoprotivlenie ustalosti metallov i splavov. C.1 /
_cW.T. Troscenko, L.A. Sosnovskij.
260 _aKiev,
_c1987.
700 1 _aSOSNOVSKIJ, L.A.
040 _cBPK
041 _apol
942 _cKS
008 s pl f |000 0 pol
999 _c23673
_d23673
856 _uhttp://koha.tu.koszalin.pl/cgi-bin/koha/opac-detail.pl?biblionumber=23673
_yKatalog online BPK